| 000 | 01214ngm a22003730a 4500 | ||
|---|---|---|---|
| 001 | PT16562 | ||
| 003 | AR-LpoUNG | ||
| 005 | 20210202000217.0 | ||
| 007 | vd cvaizq | ||
| 008 | 191001s1987||||ag |||||||||||||||||eng d | ||
| 037 | _c$10 | ||
| 040 |
_aAR-LpoUNG _bspa _cAR-LpoUNG _eaacr |
||
| 041 |
_aeng _aspa |
||
| 044 | _aag | ||
| 082 | 0 | _a951.035 546ult | |
| 100 | 1 |
_aBertolucci, Bernardo _edir. |
|
| 245 | 1 | 3 | _aEl último emperador |
| 260 |
_aLa Rioja : _bVideo La Rioja, _c1987. |
||
| 300 | _aVHS (167 min.) : son., col. | ||
| 505 | 0 | _aGuión: Enzo Ungari, Mark Peploe ; música: David Byrne. | |
| 520 | _aCorre 1908 y en Pekín, un niño de tres años, llamado Pu Yi se convierte en emperador de China. La dinastía Qing es forzada a abdicar 3 años más tarde, convirtiendo a China en república y sepultando 3000 años de sabiduría oriental. | ||
| 650 | 4 | _aCHINA | |
| 650 | 4 | _aCOMUNISMO | |
| 650 | 4 | _aCONFLICTOS POLITICOS | |
| 650 | 4 | _aGOBIERNO | |
| 650 | 4 | _aJAPON | |
| 650 | 4 | _aOPOSICION POLITICA | |
| 650 | 4 | _aPROBLEMAS POLITICOS | |
| 650 | 4 | _aREVOLUCION | |
| 653 | _aVIDEOS | ||
| 710 | 2 | _aColumbia Pictures International (firma comercial) | |
| 905 | _a16562 | ||
| 942 | _cVIDEO | ||
| 999 |
_c54346 _d54346 |
||